| 000 | 00661nam a2200205Ii 4500 | ||
|---|---|---|---|
| 003 | JO-AjNU | ||
| 008 | 230606s9999||||xx |||||||||||||| ||und|| | ||
| 020 | _a0-618-12423-3 | ||
| 040 |
_aJO-AjNU _beng _erda _cJO-AjNU |
||
| 041 | _aeng | ||
| 050 | 1 | 4 | _aHF5635.P967 2002 |
| 100 | 3 |
_aNeedles,Belverd E / Powers,Marian, _eauthor _93347 |
|
| 245 | 0 | 0 | _aPrinciples of Financial Accounting |
| 264 | 3 | 1 | _aBoston,New York : Houghton Mifflin Company,2002 |
| 300 |
_a858p _b Includes appendix indexes (p807-858) |
||
| 336 |
_atext _btxt _2rdacontent |
||
| 337 |
_aunmediated _bn _2rdamedia |
||
| 338 |
_avolume _bnc _2rdacarrier |
||
| 650 | 4 |
_aFinancial Accounting _93348 |
|
| 999 |
_aE1749 _c1749 _d1749 |
||